Mrs Dalloway (Record no. 3453)

MARC details
000 -LEADER
fixed length control field 00477cam a2200205ua 4500
001 - CONTROL NUMBER
control field 3614
005 - DATE AND TIME OF LATEST TRANSACTION
control field 20260515113715.0
008 - FIXED-LENGTH DATA ELEMENTS--GENERAL INFORMATION
fixed length control field 111126n ii |||gr||||Z||||||eng
020 ## - INTERNATIONAL STANDARD BOOK NUMBER
International Standard Book Number 81-248-0013-8
040 ## - CATALOGING SOURCE
Transcribing agency MAIN
082 ## - DEWEY DECIMAL CLASSIFICATION NUMBER
Classification number 823
100 ## - MAIN ENTRY--PERSONAL NAME
Personal name Woolh, Virginia,
245 11 - TITLE STATEMENT
Title Mrs Dalloway
Statement of responsibility, etc. by Virginia Woolf
250 ## - EDITION STATEMENT
Edition statement 1st.
260 ## - PUBLICATION, DISTRIBUTION, ETC.
Place of publication, distribution, etc. New Delhi:
Name of publisher, distributor, etc. Peacock books,994.
300 ## - PHYSICAL DESCRIPTION
Extent 207p:
Dimensions 23cm.
653 ## - INDEX TERM--UNCONTROLLED
Uncontrolled term English novel
653 ## - INDEX TERM--UNCONTROLLED
Uncontrolled term Mrs Dalloway
942 ## - ADDED ENTRY ELEMENTS (KOHA)
Koha item type Books
Holdings
Withdrawn status Lost status Damaged status Not for loan Home library Current library Shelving location Date acquired Total checkouts Full call number Barcode Date last seen Copy number Price effective from Koha item type
        Naharkatiya College Library Naharkatiya College Library General stacks 09/19/2020   823 | WOO 6251 09/19/2020 1 09/19/2020 Books